000 00561nam a2200205Ia 4500
008 240509s9999 xx 000 0 und d
020 _a0008120323750
041 _aEng
082 _a005.273
082 _bL28
100 _aLEWIS , D. W.
245 0 _aFUNDAMENTALS OF EMBEDDED SOFTWARE : WHERE C AND ASSEMBLY MEET :(With CD)
260 _bINDIA : PRENTICE HALL
260 _c2002
300 _a266 p.
650 _aREAL-TIME PROGRAMMING : SOFTWARE ENGINEERING
942 _2ddc
_04
942 _cLBK
999 _c21990
_d21990
945 _a1
_bMadushi Gamage
_c1
_dMadushi Gamage